000 00573nam a2200241Ia 4500
003 OSt
005 20220924135903.0
006 a|||||r|||| 00| 0
007 ta
008 220923b |||||||| |||| 00| 0 ben d
020 _c10.00
024 _a292950
037 _cTextual
040 _aARTS
_cARTS
_bben
041 _2ben
_aben
082 _aO157,1:g, M2
100 _aChakrabarty
245 0 _aKavitar ki okeno
260 _c1982
650 _aBENGALI LITERATURE
942 _hO157,1:g, M2
_cTEXL
_2CC
999 _c442312
_d442312